[Event "La Balanguera Nadal op"]
[Site "La Balanguera"]
[Date "2021.12.12"]
[Round "4"]
[White "Navarro Da Costa, Lais"]
[Black "Bonet Mestre, Maria"]
[Result "1/2-1/2"]
[WhiteElo "1111"]
[BlackElo "1184"]
[PlyCount "43"]
[EventDate "2021.12.10"]
[EventType "swiss"]
[EventRounds "5"]
[EventCountry "ESP"]
[SourceTitle "EXT 2023"]
[Source "ChessBase"]
[SourceDate "2022.10.05"]
[SourceVersion "1"]
[SourceVersionDate "2022.10.05"]
[SourceQuality "1"]

1. d4 Nf6 2. Bf4 e6 3. Nf3 d5 4. e3 c5 5. c3 Be7 6. Bd3 0-0 7. 0-0 Nc6 8. Qe2 b6 9. Nbd2 Bb7 10. Ne5 Nxe5 11. Bxe5 Bd6 12. Bg3 Bxg3 13. fxg3 Rc8 14. Rad1 Re8 15. Nf3 Nd7 16. Rf2 e5 17. dxe5 Nxe5 18. Nxe5 Rxe5 19. Qf3 Rc7 20. Re2 d4 21. Qf2 Rd7 22. exd4 1/2-1/2

[Event "La Balanguera Nadal op"]
[Site "La Balanguera"]
[Date "2021.12.11"]
[Round "2"]
[White "Di Paolo, Vittorio"]
[Black "Bonet Mestre, Maria"]
[Result "0-1"]
[WhiteElo "1462"]
[BlackElo "1184"]
[PlyCount "34"]
[EventDate "2021.12.10"]
[EventType "swiss"]
[EventRounds "5"]
[EventCountry "ESP"]
[SourceTitle "EXT 2023"]
[Source "ChessBase"]
[SourceDate "2022.10.05"]
[SourceVersion "1"]
[SourceVersionDate "2022.10.05"]
[SourceQuality "1"]

1. e4 e5 2. Nf3 Nc6 3. Bc4 Bc5 4. c3 Nf6 5. d4 exd4 6. b4 Bb6 7. e5 dxc3 8. exf6 Qxf6 9. Qe2+ Kf8 10. Bg5 c2 11. Qxc2 Qxa1 12. 0-0 Nd4 13. Be7+ Kxe7 14. Re1+ Kf8 15. Qe4 Ne6 16. Ne5 Qd4 17. Qf5 Qxf2+ 0-1